Knowledge management : (Record no. 9624)

MARC details
000 -LEADER
fixed length control field 00685nam a22002172 4500
001 - CONTROL NUMBER
control field 0000021274
005 - DATE AND TIME OF LATEST TRANSACTION
control field 20151217152229.0
008 - FIXED-LENGTH DATA ELEMENTS--GENERAL INFORMATION
fixed length control field 120307s xx 000 0 eng d
020 ## - INTERNATIONAL STANDARD BOOK NUMBER
International Standard Book Number 8120337497 :
040 ## - CATALOGING SOURCE
Original cataloging agency KABU
Transcribing agency KABU
245 10 - TITLE STATEMENT
Title Knowledge management :
Remainder of title an evolutionary view /
Statement of responsibility, etc. Irma Becerra-Fernandez, Dorothy Leidner, editors.
250 ## - EDITION STATEMENT
Edition statement 1st ed.
260 ## - PUBLICATION, DISTRIBUTION, ETC. (IMPRINT)
Place of publication, distribution, etc. New Delhi :
Name of publisher, distributor, etc. PHI,
Date of publication, distribution, etc. 2008.
300 ## - PHYSICAL DESCRIPTION
Extent xiii, 330 p.
650 #0 - SUBJECT ADDED ENTRY--TOPICAL TERM
Topical term or geographic name as entry element Knowledge management.
-- 0000150510
700 1# - ADDED ENTRY--PERSONAL NAME
Personal name Becerra-Fernandez, Irma.
-- 0000182080
700 1# - ADDED ENTRY--PERSONAL NAME
Personal name Leidner, Dorothy.
-- 0000182081
852 1# - LOCATION
-- p5430 KES
908 ## - PUT COMMAND PARAMETER (RLIN)
Put command parameter 120307
950 ## - LOCAL HOLDINGS (RLIN)
-- 1
Holdings
Withdrawn status Lost status Source of classification or shelving scheme Not for loan Home library Current library Date acquired Total Checkouts Full call number Barcode Date last seen Price effective from Koha item type
    Library of Congress Classification   Kabarak, Main Campus Kabarak, Main Campus 17/12/2015   HD30.2 .K56 2008 c. 1 20669 02/08/2024 17/12/2015 General Collection
Designed with assistance from East African Informatics Ltd